| 000 | 01652nam a2200505 i 4500 | ||
|---|---|---|---|
| 001 | 30430 | ||
| 003 | KOSZ 005 | ||
| 005 | 20210204083101.0 | ||
| 008 | 970903s1989 pl a f |000 0 pol | ||
| 015 | _aUWD 1990/3398 | ||
| 035 | _a991002233609705066 | ||
| 035 | _a(PL-WaBN)b10617863-48omnis_nlop | ||
| 035 | _ab10617863 | ||
| 035 | _a(OCoLC)834092810 | ||
| 035 | _a(PL)b0000001061786 | ||
| 035 | _a(EXLNZ-48OMNIS_NETWORK)9910350475405606 | ||
| 040 |
_aWA N _cWA N _dKOSZ 005/HR |
||
| 041 | 0 |
_apol _beng _brus |
|
| 080 | _a628.3 | ||
| 080 | _a579.6 | ||
| 100 | 1 |
_aKlimowicz, Henryk _d(1923- ) _eAutor |
|
| 245 | 1 | 0 |
_aZnaczenie mikrofauny przy oczyszczaniu ścieków osadem czynnym / _cHenryk Klimowicz ; Instytut Ochrony Środowiska. |
| 250 | _a[Wyd. 3 popr.]. | ||
| 260 |
_aWarszawa : _bIOR, _c1989 |
||
| 300 |
_a59, [2] s. : _brys. ; _c24 cm. |
||
| 336 |
_aTekst _btxt _2rdacontent |
||
| 337 |
_aBez urządzenia pośredniczącego _bn _2rdamedia |
||
| 338 |
_aWolumin _bnc _2rdacarrier |
||
| 380 | _aKsiążki | ||
| 380 | _aPublikacje naukowe | ||
| 388 | _a1901-2000 | ||
| 388 | _a1945-1989 | ||
| 504 | _aBibliogr. s. 53-57. - Rez., summ. | ||
| 650 | 7 |
_aOsad czynny _2DBN |
|
| 650 | 7 | _aMikrofauna | |
| 650 | 7 |
_aŚcieki _2DBN |
|
| 650 | 7 | _aOczyszczanie ścieków | |
| 650 | 7 | _aMikrobiologia | |
| 658 | _aInżynieria i technika | ||
| 658 | _aBiologia | ||
| 710 | 2 | _aInstytut Ochrony Środowiska | |
| 856 |
_uhttp://koha.tu.koszalin.pl/cgi-bin/koha/opac-detail.pl?biblionumber=30430 _yKatalog online BPK |
||
| 942 |
_2UKD _cKS |
||
| 999 |
_c30430 _d30430 |
||